Engineering Graphics with SOLIDWORKS 2024/ (Record no. 43880)

MARC details
001 - CONTROL NUMBER
control field 0000
003 - CONTROL NUMBER IDENTIFIER
control field 0000
005 - DATE AND TIME OF LATEST TRANSACTION
control field 20251017104042.0
020 ## - INTERNATIONAL STANDARD BOOK NUMBER
International Standard Book Number 9781630576271
040 ## - CATALOGING SOURCE
Original cataloging agency BTCTA
Transcribing agency BTCTA
Modifying agency BAKER
-- BWX
-- IUL
-- YDXCP
-- ORX
-- DLC
Description conventions rda
042 ## - AUTHENTICATION CODE
Authentication code lccopycat
050 00 - LIBRARY OF CONGRESS CALL NUMBER
Classification number TA 174 .P53
100 1# - MAIN ENTRY--PERSONAL NAME
Personal name Planchard, David C.
245 12 - TITLE STATEMENT
Title Engineering Graphics with SOLIDWORKS 2024/
Statement of responsibility, etc David C. Planchard
Remainder of title A step by step project based approach utilizing 3D solid modelling
264 ## - PUBLICATION, DISTRIBUTION, ETC. (IMPRINT)
Place of publication, distribution, etc Mission
Name of publisher, distributor, etc SDC Publications
Date of publication, distribution, etc 2024
300 ## - PHYSICAL DESCRIPTION
Extent 1 v. (various pagings) :
Other physical details ill. ;
Dimensions 28 cm +
Accompanying material 1 CD-ROM (4 3/4 in.)
336 ## - CONTENT TYPE
Source rdacontent
338 ## - CARRIER TYPE
Source rdacarrier
500 ## - GENERAL NOTE
General note Includes index.
630 00 - SUBJECT ADDED ENTRY--UNIFORM TITLE
Uniform title SolidWorks.
650 #0 - SUBJECT ADDED ENTRY--TOPICAL TERM
Topical term or geographic name as entry element Engineering graphics.
Source of heading or term Computer-aided design.
Form subdivision Solid modeling (Computer graphics).
650 #0 - SUBJECT ADDED ENTRY--TOPICAL TERM
Topical term or geographic name as entry element
Form subdivision SOLIDWORKS (Computer file).
650 #0 - SUBJECT ADDED ENTRY--TOPICAL TERM
Topical term or geographic name as entry element Computer-aided design.
856 42 - ELECTRONIC LOCATION AND ACCESS
Materials specified Contributor biographical information
Uniform Resource Identifier <a href="http://www.loc.gov/catdir/enhancements/fy1302/2008938723-b.html">http://www.loc.gov/catdir/enhancements/fy1302/2008938723-b.html</a>
856 42 - ELECTRONIC LOCATION AND ACCESS
Materials specified Publisher description
Uniform Resource Identifier <a href="http://www.loc.gov/catdir/enhancements/fy1302/2008938723-d.html">http://www.loc.gov/catdir/enhancements/fy1302/2008938723-d.html</a>
906 ## - LOCAL DATA ELEMENT F, LDF (RLIN)
a 7
b cbc
c copycat
d 2
e ncip
f 20
g y-gencatlg
942 ## - ADDED ENTRY ELEMENTS (KOHA)
Source of classification or shelving scheme Library of Congress Classification
Koha item type Books
Holdings
Withdrawn status Lost status Source of classification or shelving scheme Damaged status Not for loan Permanent Location Current Location Date acquired Total Checkouts Full call number Barcode Date last seen Price effective from Koha item type
    Library of Congress Classification     NILE UNIVERSITY OF NIGERIA - MAIN LIBRARY NILE UNIVERSITY OF NIGERIA - MAIN LIBRARY 10/17/2025   TA 174 .P53 2024 0199380 10/17/2025 10/17/2025 Books